<?xml version="1.0" encoding="UTF-8"?>
<record
    xmlns:xsi="http://www.w3.org/2001/XMLSchema-instance"
    xsi:schemaLocation="http://www.loc.gov/MARC21/slim http://www.loc.gov/standards/marcxml/schema/MARC21slim.xsd"
    xmlns="http://www.loc.gov/MARC21/slim">

  <leader>04092na  a2200829   4500</leader>
  <controlfield tag="001">22885</controlfield>
  <controlfield tag="003">MIRAKIL</controlfield>
  <controlfield tag="005">20181213154919.0</controlfield>
  <controlfield tag="008">170301b        tu            000 0      </controlfield>
  <datafield tag="035" ind1=" " ind2=" ">
    <subfield code="a">19050</subfield>
  </datafield>
  <datafield tag="040" ind1=" " ind2=" ">
    <subfield code="a">Milas</subfield>
    <subfield code="b">tur</subfield>
    <subfield code="c">TR-AnCHP</subfield>
  </datafield>
  <datafield tag="041" ind1=" " ind2=" ">
    <subfield code="a">tur</subfield>
  </datafield>
  <datafield tag="082" ind1=" " ind2=" ">
    <subfield code="a">CHP 324.23072/B</subfield>
    <subfield code="b">C36i 2015</subfield>
  </datafield>
  <datafield tag="090" ind1=" " ind2=" ">
    <subfield code="a">CHP 324.23072/B C36i 2015</subfield>
  </datafield>
  <datafield tag="110" ind1=" " ind2=" ">
    <subfield code="a">Cumhuriyet Halk Partisi (CHP)</subfield>
    <subfield code="b">Ara&#x15F;t&#x131;rma, Bilim ve Y&#xF6;netim Platformu</subfield>
  </datafield>
  <datafield tag="222" ind1=" " ind2=" ">
    <subfield code="a">Se&#xE7;im bildirgeleri</subfield>
  </datafield>
  <datafield tag="245" ind1=" " ind2=" ">
    <subfield code="a">&#x130;nfografiklerle 2015 se&#xE7;im bildirgesi</subfield>
    <subfield code="c">Cumhuriyet Halk Partisi Ara&#x15F;t&#x131;rma, Bilim ve Y&#xF6;netim Platformu</subfield>
  </datafield>
  <datafield tag="246" ind1=" " ind2=" ">
    <subfield code="a">Ya&#x15F;anacak bir T&#xFC;rkiye</subfield>
  </datafield>
  <datafield tag="246" ind1=" " ind2=" ">
    <subfield code="a">2015 se&#xE7;im bildirgesi</subfield>
  </datafield>
  <datafield tag="260" ind1=" " ind2=" ">
    <subfield code="a">Ankara</subfield>
    <subfield code="b">CHP</subfield>
    <subfield code="c">2015</subfield>
  </datafield>
  <datafield tag="300" ind1=" " ind2=" ">
    <subfield code="a">34 s.</subfield>
    <subfield code="b">rnk. &#x15F;kl.</subfield>
    <subfield code="c">30x44sm.</subfield>
  </datafield>
  <datafield tag="440" ind1=" " ind2=" ">
    <subfield code="a">Cumhuriyet Halk Partisi yay&#x131;nlar&#x131;</subfield>
    <subfield code="p">Bildirgeler</subfield>
  </datafield>
  <datafield tag="505" ind1=" " ind2=" ">
    <subfield code="a">Umutlu bir gelecek i&#xE7;in b&#xFC;y&#xFC;k d&#xF6;n&#xFC;&#x15F;&#xFC;m hedefleri - &#xD6;zg&#xFC;rl&#xFC;k, hukuk devleti ve demokrasi - &#x130;stihdam yaratan, kapsay&#x131;c&#x131; ekonomi  -- &#x130;stihdam yaratan ve yat&#x131;r&#x131;mlar&#x131; kolayla&#x15F;t&#x131;ran b&#xFC;y&#xFC;me modeli - &#x130;stihdama y&#xF6;nelik do&#x11F;rudan politikalar - Bilgi ekonomisi at&#x131;l&#x131;m&#x131; - Tar&#x131;m - Esnaf ve sanatkarlar - Turizm - Enerji - T&#xFC;keticiler - Dayan&#x131;&#x15F;ma ve sosyal adalet - Aile sigortas&#x131; - Adil ve demokratik bir &#xE7;al&#x131;&#x15F;ma d&#xFC;zeni - G&#xFC;&#xE7;l&#xFC; kad&#x131;n, g&#xFC;&#xE7;l&#xFC; toplum - Gen&#xE7;li&#x11F;ini ya&#x15F;ayan gen&#xE7;ler - Gelece&#x11F;e umutla bakan &#xE7;ocuklar - Ya&#x15F;am standard&#x131; y&#xFC;ksek emekliler - Her alanda var olan engelliler - Kimseye muhta&#xE7; olmayan ya&#x15F;l&#x131;lar - Yurtta&#x15F; i&#xE7;in nitelikli kamu hizmeti - Kamu y&#xF6;netimi reformu - E&#x11F;itim - Her yurtta&#x15F; i&#xE7;in kaliteli ve &#xFC;cretsiz sa&#x11F;l&#x131;k hizmetleri - K&#xFC;lt&#xFC;r ve sanat - Spor - G&#xFC;&#xE7;l&#xFC; ula&#x15F;t&#x131;rma yap&#x131;s&#x131; - G&#xFC;venlik - Do&#x11F;a ve kent hakk&#x131; - Do&#x11F;a dostu bir toplumsal ya&#x15F;am - Ya&#x15F;am kalitesi y&#xFC;ksek kentler - Yerel y&#xF6;netimler - B&#xF6;lgesel geli&#x15F;me - Yurtta&#x15F; ve de&#x11F;er temelli d&#x131;&#x15F; politika - Bilgi toplumuna do&#x11F;ru</subfield>
  </datafield>
  <datafield tag="610" ind1=" " ind2=" ">
    <subfield code="a">Cumhuriyet Halk Partisi (CHP)</subfield>
    <subfield code="x">Se&#xE7;im bildirgeleri, 2015</subfield>
  </datafield>
  <datafield tag="610" ind1=" " ind2=" ">
    <subfield code="a">Cumhuriyet Halk Partisi (CHP)</subfield>
    <subfield code="x">Se&#xE7;im kampanyalar&#x131;, 2015</subfield>
    <subfield code="y">Se&#xE7;im bildirgeleri</subfield>
  </datafield>
  <datafield tag="610" ind1=" " ind2=" ">
    <subfield code="a">CHP</subfield>
    <subfield code="x">Propaganda ve ideolojiler</subfield>
    <subfield code="y">Bildirgeler</subfield>
  </datafield>
  <datafield tag="651" ind1=" " ind2=" ">
    <subfield code="a">T&#xFC;rkiye</subfield>
    <subfield code="x">Siyaset ve y&#xF6;netim</subfield>
    <subfield code="y">2015-</subfield>
  </datafield>
  <datafield tag="657" ind1=" " ind2=" ">
    <subfield code="a">CHP se&#xE7;im bildirgeleri</subfield>
  </datafield>
  <datafield tag="657" ind1=" " ind2=" ">
    <subfield code="a">CHP se&#xE7;im bildirgesi</subfield>
  </datafield>
  <datafield tag="657" ind1=" " ind2=" ">
    <subfield code="a">Haziran 2015 genel se&#xE7;imleri</subfield>
  </datafield>
  <datafield tag="740" ind1=" " ind2=" ">
    <subfield code="a">CHP 2015 se&#xE7;im bildirgesi</subfield>
  </datafield>
  <datafield tag="740" ind1=" " ind2=" ">
    <subfield code="a">Cumhuriyet Halk Partisi se&#xE7;im bildirgesi</subfield>
  </datafield>
  <datafield tag="740" ind1=" " ind2=" ">
    <subfield code="a">Umutlu bir gelecek i&#xE7;in b&#xFC;y&#xFC;k d&#xF6;n&#xFC;&#x15F;&#xFC;m hedefleri</subfield>
  </datafield>
  <datafield tag="740" ind1=" " ind2=" ">
    <subfield code="a">&#xD6;zg&#xFC;rl&#xFC;k, hukuk devleti ve demokrasi </subfield>
  </datafield>
  <datafield tag="740" ind1=" " ind2=" ">
    <subfield code="a">&#x130;stihdam yaratan, kapsay&#x131;c&#x131; ekonomi</subfield>
  </datafield>
  <datafield tag="740" ind1=" " ind2=" ">
    <subfield code="a">&#x130;stihdam yaratan ve yat&#x131;r&#x131;mlar&#x131; kolayla&#x15F;t&#x131;ran b&#xFC;y&#xFC;me modeli</subfield>
  </datafield>
  <datafield tag="740" ind1=" " ind2=" ">
    <subfield code="a">&#x130;stihdama y&#xF6;nelik do&#x11F;rudan politikalar</subfield>
  </datafield>
  <datafield tag="740" ind1=" " ind2=" ">
    <subfield code="a">Bilgi ekonomisi at&#x131;l&#x131;m&#x131;</subfield>
  </datafield>
  <datafield tag="740" ind1=" " ind2=" ">
    <subfield code="a">Tar&#x131;m</subfield>
  </datafield>
  <datafield tag="740" ind1=" " ind2=" ">
    <subfield code="a">Esnaf ve sanatkarlar</subfield>
  </datafield>
  <datafield tag="740" ind1=" " ind2=" ">
    <subfield code="a">Turizm</subfield>
  </datafield>
  <datafield tag="740" ind1=" " ind2=" ">
    <subfield code="a">Enerji</subfield>
  </datafield>
  <datafield tag="740" ind1=" " ind2=" ">
    <subfield code="a">T&#xFC;keticiler</subfield>
  </datafield>
  <datafield tag="740" ind1=" " ind2=" ">
    <subfield code="a">Dayan&#x131;&#x15F;ma ve sosyal adalet</subfield>
  </datafield>
  <datafield tag="740" ind1=" " ind2=" ">
    <subfield code="a">Aile sigortas&#x131;</subfield>
  </datafield>
  <datafield tag="740" ind1=" " ind2=" ">
    <subfield code="a">Adil ve demokratik bir &#xE7;al&#x131;&#x15F;ma d&#xFC;zeni</subfield>
  </datafield>
  <datafield tag="740" ind1=" " ind2=" ">
    <subfield code="a">G&#xFC;&#xE7;l&#xFC; kad&#x131;n, g&#xFC;&#xE7;l&#xFC; toplum </subfield>
  </datafield>
  <datafield tag="740" ind1=" " ind2=" ">
    <subfield code="a">Gen&#xE7;li&#x11F;ini ya&#x15F;ayan gen&#xE7;ler </subfield>
  </datafield>
  <datafield tag="740" ind1=" " ind2=" ">
    <subfield code="a">Gelece&#x11F;e umutla bakan &#xE7;ocuklar</subfield>
  </datafield>
  <datafield tag="740" ind1=" " ind2=" ">
    <subfield code="a">Ya&#x15F;am standard&#x131; y&#xFC;ksek emekliler</subfield>
  </datafield>
  <datafield tag="740" ind1=" " ind2=" ">
    <subfield code="a">Her alanda var olan engelliler</subfield>
  </datafield>
  <datafield tag="740" ind1=" " ind2=" ">
    <subfield code="a">Kimseye muhta&#xE7; olmayan ya&#x15F;l&#x131;lar</subfield>
  </datafield>
  <datafield tag="740" ind1=" " ind2=" ">
    <subfield code="a">Yurtta&#x15F; i&#xE7;in nitelikli kamu hizmeti</subfield>
  </datafield>
  <datafield tag="740" ind1=" " ind2=" ">
    <subfield code="a">Kamu y&#xF6;netimi reformu</subfield>
  </datafield>
  <datafield tag="740" ind1=" " ind2=" ">
    <subfield code="a">E&#x11F;itim</subfield>
  </datafield>
  <datafield tag="740" ind1=" " ind2=" ">
    <subfield code="a">Her yurtta&#x15F; i&#xE7;in kaliteli ve &#xFC;cretsiz sa&#x11F;l&#x131;k hizmetleri</subfield>
  </datafield>
  <datafield tag="740" ind1=" " ind2=" ">
    <subfield code="a">K&#xFC;lt&#xFC;r ve sanat</subfield>
  </datafield>
  <datafield tag="740" ind1=" " ind2=" ">
    <subfield code="a">Spor</subfield>
  </datafield>
  <datafield tag="740" ind1=" " ind2=" ">
    <subfield code="a">G&#xFC;&#xE7;l&#xFC; ula&#x15F;t&#x131;rma yap&#x131;s&#x131;</subfield>
  </datafield>
  <datafield tag="740" ind1=" " ind2=" ">
    <subfield code="a">G&#xFC;venlik</subfield>
  </datafield>
  <datafield tag="740" ind1=" " ind2=" ">
    <subfield code="a">Do&#x11F;a ve kent hakk&#x131;</subfield>
  </datafield>
  <datafield tag="740" ind1=" " ind2=" ">
    <subfield code="a">Do&#x11F;a dostu bir toplumsal ya&#x15F;am</subfield>
  </datafield>
  <datafield tag="740" ind1=" " ind2=" ">
    <subfield code="a">Ya&#x15F;am kalitesi y&#xFC;ksek kentler</subfield>
  </datafield>
  <datafield tag="740" ind1=" " ind2=" ">
    <subfield code="a">Yerel y&#xF6;netimler</subfield>
  </datafield>
  <datafield tag="740" ind1=" " ind2=" ">
    <subfield code="a">B&#xF6;lgesel geli&#x15F;me</subfield>
  </datafield>
  <datafield tag="740" ind1=" " ind2=" ">
    <subfield code="a">Yurtta&#x15F; ve de&#x11F;er temelli d&#x131;&#x15F; politika</subfield>
  </datafield>
  <datafield tag="740" ind1=" " ind2=" ">
    <subfield code="a">Bilgi toplumuna do&#x11F;ru</subfield>
  </datafield>
  <datafield tag="740" ind1=" " ind2=" ">
    <subfield code="a">Ya&#x15F;anacak bir T&#xFC;rkiye</subfield>
  </datafield>
  <datafield tag="830" ind1=" " ind2=" ">
    <subfield code="a">CHP bildirgeleri</subfield>
  </datafield>
  <datafield tag="942" ind1=" " ind2=" ">
    <subfield code="2">ddc</subfield>
    <subfield code="c">BKS</subfield>
  </datafield>
  <datafield tag="952" ind1=" " ind2=" ">
    <subfield code="a">0001</subfield>
    <subfield code="b">0001</subfield>
    <subfield code="d">2017-03-01</subfield>
    <subfield code="e">2</subfield>
    <subfield code="l">0</subfield>
    <subfield code="o">CHP 324.23072/B C36i 2015</subfield>
    <subfield code="p">016790</subfield>
    <subfield code="r">2017-03-01 00:00:00</subfield>
    <subfield code="v">0.00</subfield>
    <subfield code="w">2017-03-01</subfield>
    <subfield code="x"> B&#xFC;y&#xFC;k boy</subfield>
    <subfield code="y">BKS</subfield>
  </datafield>
  <datafield tag="952" ind1=" " ind2=" ">
    <subfield code="a">0001</subfield>
    <subfield code="b">0001</subfield>
    <subfield code="d">2018-02-06</subfield>
    <subfield code="e">2</subfield>
    <subfield code="l">0</subfield>
    <subfield code="o">CHP 324.23072/B C36i 2015</subfield>
    <subfield code="p">017975</subfield>
    <subfield code="r">2018-02-06 00:00:00</subfield>
    <subfield code="t">k.5</subfield>
    <subfield code="v">0.00</subfield>
    <subfield code="w">2018-02-06</subfield>
    <subfield code="x"> B&#xFC;y&#xFC;k boy</subfield>
    <subfield code="y">BKS</subfield>
  </datafield>
  <datafield tag="999" ind1=" " ind2=" ">
    <subfield code="c">3069</subfield>
    <subfield code="d">3069</subfield>
  </datafield>
</record>
